USALI (Registro nro. 12525)

Detalles MARC
000 -LEADER
fixed length control field 00451 a2200169 4500
001 - CONTROL NUMBER
control field ART_50493
005 - DATE AND TIME OF LATEST TRANSACTION
control field 20260410161632.0
008 - FIXED-LENGTH DATA ELEMENTS--GENERAL INFORMATION
fixed length control field 260409a
100 1# - MAIN ENTRY--PERSONAL NAME
Personal name Rondi, Gustavo R.
245 10 - TITLE STATEMENT
Title USALI
700 1# - ADDED ENTRY--PERSONAL NAME
Personal name Casal, María del Carmen
700 1# - ADDED ENTRY--PERSONAL NAME
Personal name De Vega, Raúl Ernesto
700 1# - ADDED ENTRY--PERSONAL NAME
Personal name Galante, Marcelo J.
700 1# - ADDED ENTRY--PERSONAL NAME
Personal name Gómez, Melisa
700 1# - ADDED ENTRY--PERSONAL NAME
Personal name Giai Levra, Valeria
773 0# - HOST ITEM ENTRY
Title Enfoques
Related parts - N°1 (ene. 2020)
Record control number REV416

No hay ítems disponibles.